000 00762nam a22001817a 4500
999 _c61482
_d61482
005 20240319122812.0
008 240319s1977 ru ||||| |||| 00| 0 rus d
041 _arus
080 _a94(477.75) C-45
100 _aСкржинская, М.В.
_921465
245 _aСеверное Причерноморье в описании Плиния Старшего /
_c М.В. Скржинская.
264 _aКиев :
_bНаукова Думка,
_c1977.
300 _a126 c.;
_b20 cm.
653 _aჩრდილოეთ შავი ზღვის რეგიონი პლინიუს უფროსის აღწერილობაში
653 _aისტორია
653 _aარქეოლოგია
942 _2udc
_cBK